00402nam a2200121Ia 4500003000400000005001700004008004100021040001800062041000800080100004500088245011200133260003500245OSt20260127094320.0211028s2017 xx 000 0 und d cAIMIT LIBRARY aeng aAntony, Merlin; James, Justine.g1516087 aStudy on the performance appraisal system with reference to Mangalore refinery and petrochemicals limited / aMangalorebJustine Jamesc2017